200 hotel & restaurant management training tutorials : (Record no. 5338)

MARC details
000 -LEADER
fixed length control field 00685nam a22002057a 4500
003 - CONTROL NUMBER IDENTIFIER
control field URS
005 - DATE AND TIME OF LATEST TRANSACTION
control field 20220117120730.0
008 - FIXED-LENGTH DATA ELEMENTS--GENERAL INFORMATION
fixed length control field 190716s2015 USAa|||| |||| 000 0 eng |
020 ## - INTERNATIONAL STANDARD BOOK NUMBER
International Standard Book Number 9781514340103
040 ## - CATALOGING SOURCE
Original cataloging agency URS
Transcribing agency URS
Description conventions rda
050 14 - LIBRARY OF CONGRESS CALL NUMBER
Classification number TX911.3
Item number .T1649 2015
100 ## - MAIN ENTRY--PERSONAL NAME
Personal name Tanji, Hotelier
245 ## - TITLE STATEMENT
Title 200 hotel & restaurant management training tutorials :
Remainder of title practical training manual
Statement of responsibility, etc. Hotelier Tanji.
260 #1 - PUBLICATION, DISTRIBUTION, ETC.
Place of publication, distribution, etc. USA
Name of publisher, distributor, etc. s.n
Date of publication, distribution, etc. [2015]
260 #4 - PUBLICATION, DISTRIBUTION, ETC.
Date of publication, distribution, etc. ©2015
300 ## - PHYSICAL DESCRIPTION
Extent 463
Other physical details illustrations
Size of unit 27 cm.
524 ## - PREFERRED CITATION OF DESCRIBED MATERIALS NOTE
Preferred citation of described materials note Tanji, H. (2015). 200 hotel & restaurant management training tutorials : practical training maual/ USA. s.n
856 ## - ELECTRONIC LOCATION AND ACCESS
Materials specified www.hospitality-school.com
942 ## - ADDED ENTRY ELEMENTS (KOHA)
Source of classification or shelving scheme Library of Congress Classification
Koha item type Foreign Books
Holdings
Withdrawn status Source of classification or shelving scheme Damaged status Not for loan Collection code Home library Current library Shelving location Date acquired Total Checkouts Full call number Barcode Date last seen Price effective from Koha item type
  Library of Congress Classification     Non-fiction Antipolo College Library Antipolo College Library On Display 07/16/2019   TX911.3 .T1649 2015 URSANT-04895 07/16/2019 07/16/2019 Foreign Books

University of Rizal System
Email us at univlibservices@urs.edu.ph

Visit our Website www.urs.edu.ph/library